000 00807nam0a22002411 4500
001 v19\rc\2072460
005 20250620042227.0
035 _a(NLR Aleph) 005169733
090 _a5058978
_c5058978
100 _a20081218d1916 |||y0rusy50 ca
101 0 _arus
102 _aRU
105 _ay z |||||
200 1 _aИ то и се
210 _aАрхангельск
_d1916
215 _a48 с.
700 1 _aЛягин
_bМ.И.
_gМихаил Иванович
801 0 _aRU
_bNLR
_gpsbo
801 1 _aRU
_bProSoft-M
_2rusmarc
830 _aИсточник: Тарасенков, Анатолий Кузьмич. Русские поэты XX века. 1900-1955. Библиография. М.: Советский писатель, 1966, с. 222
852 _aNLR
_jDesideratum
942 _cBOOK
980 _aNB